000 01235nam a2200289 i 4500
003 IT-RoINE
005 20201113111143.0
008 030613s1980 it |||||r |01||| ita d
020 _a8821300234
040 _aUPSA
_cIT-RoINE
041 0 _aita
_aeng
_afre
_ager
245 0 0 _aReligione, ateismo e filosofia :
_bscritti in onore del prof. Vincenzo Miano nel suo 70º compleanno /
_ca cura della Facoltà di Filosofia dell'Università Pontificia Salesiana di Roma.
260 _aRoma :
_bLAS,
_c1980.
300 _a235 p., [1] h. de lám. ;
_c24 cm.
336 _2rdacontent
_atext
337 _2rdamedia
_aunmediated
338 _2rdacarrier
_avolume
490 1 0 _aBiblioteca di scienze religiose ;
_v39
546 _aTexto en francés, inglés, italiano y alemán.
600 1 4 _92904
_aMiano, Vincenzo,
_cS.D.B.,
_d1910-1980
_vDiscursos, ensayos, conferencias
650 0 4 _aReligión
_xFilosofía
_vDiscursos, ensayos, conferencias
_92905
650 0 4 _92906
_aAteísmo
_vDiscursos, ensayos, conferencias
700 1 _aMiano, Vincenzo
_cS.D.B.,
_d1910-1980
_92600
710 2 _92907
_aPontificia Università Salesiana (Roma, Italia).
_bFacoltà di Filosofia
830 0 _92851
_aBiblioteca di scienze religiose (LAS) ;
_v39
942 _cMTS
999 _c1508
_d1508